All Incorporated Municipalities of Onondaga County, New York - Statistics

General Stats
  • This quiz has been taken 9 times
  • The average score is 27 of 35
Answer Stats
Answer % Correct
Cicero
100%
DeWitt
100%
Skaneateles
100%
Skaneateles
100%
Syracuse
100%
Tully
100%
Tully
100%
Baldwinsville
88%
Camillus
88%
Camillus
88%
Clay
88%
East Syracuse
88%
LaFayette
88%
Manlius
88%
Manlius
88%
Marcellus
88%
Marcellus
88%
North Syracuse
88%
Onondaga
88%
Fabius
75%
Fabius
75%
Fayetteville
75%
Minoa
75%
Pompey
75%
Liverpool
63%
Solvay
63%
Van Buren
63%
Elbridge
50%
Elbridge
50%
Geddes
50%
Otisco
50%
Jordan
38%
Salina
38%
Spafford
38%
Lysander
25%
No matching quizzes found
Score Distribution
Percent of People with Each Score
Percentile by Number Answered
Your Score History
You have not taken this quiz